The walking dead villains - Statistics

General Stats
  • This quiz has been taken 364 times
    238 since last reset
  • The average score is 20 of 47
Answer Stats
Hint Seasons Answer % Correct
Ricks former best friend 1-2 Shane
95%
Racist brother of Darryl 1,3* Merle Dixon
94%
Leader of the Savior’s, killed Glenn and Abraham 6-11* Negan
85%
Leader of Woodbury 3-4 The Governor
81%
Leader of The Whisperers 9-10 Alpha
77%
Second in command of the whisperers 9-10 Beta
73%
CDC doctor 1* Dr. Edwin Jenner
66%
Second in command of the saviors 6-8 Simon
66%
Savior that stole Daryl’s stuff and eventuallyTurned on Negan 6-8* Dwight
63%
Cannibals 4-5** Terminus
60%
Group that wore walker faces 9-10** The Whisperers
58%
Large group that controlled Hilltop, AlexandriaAnd the Kingdom 6-9** The Saviors
57%
Leader of Hilltop 6-9 Gregory
54%
Group that carved w’s on their foreheads 5-6** The Wolves
54%
Cop that controlled a hospital 5 Dawn
53%
Member of the above that Was captured 2 Randall
53%
Leader of the above 4-5 Gareth
49%
Deanna’s son, wanted to kill Rick and takeOver Alexandria 5-7 Spencer Monroe
49%
Surgeon that abused his wife 5 Pete Anderson
47%
Group that claims things 4 The Claimers
46%
Supply runner for Alexandria thatGot Noah killed and almost killed Glenn 5-6 Nicholas
45%
Son of the above, shot carl’s eye 5-6 Ron Anderson
45%
Third in command of the whisperers 9-10* Gamma
43%
Leader of the above 7-9* Jadis
43%
Right hand man of the above 3-4 Martinez
42%
Governor of the Commonwealth 11 Pamela Milton
42%
Woman who Daryl met in the wilderness, actually a Reaper 10-11 Leah Shaw
37%
Group of former mercenaries that turned into a cult 10-11** The Reapers
34%
Spoiled son of the above 11 Sebastian Milton
33%
Prisoner that tried to kill rick 3 Tomas
33%
Leader of the Reapers 11 Pope
30%
Prisoner that got Lori and T-dog killed 3 Andrew
27%
Savior in charge of trading with the Kingdom 7-8 Gavin
25%
Group who lived in a dump 7-8** The Scavengers
25%
Whisperer who was sent to poison AlexandriasWater supply 10 Dante
20%
Deputy governor of the Commonwealth 11 Lance Hornsby
20%
Second in command of the Reapers 11 Brandon Carver
19%
Savior who shot Benjamin 7-8 Jared
19%
Leader of the above 5-6 Owen
19%
Kingdom soldier who got Benjamin killed 7 Richard
19%
Group that attacked RickAnd Hershel in a bar 2 The living
13%
Savior who was one of Negan’s top lieutenants 8-9 Regina
11%
Savior who tried to restore Negan as leader 9 Jed
9%
Man who made Aaron and Gabriel plays Russian Roulette 10 Mays
9%
Group of cannibals that attack Connie and Virgil 11** The Ferals
8%
Woman who tried to kidnap the kids of Alexandria 9 Jocelyn
6%
Former cia agent hired by the above to silence threats 11 Toby Carlson
3%
No matching quizzes found
Score Distribution
Percent of People with Each Score
Percentile by Number Answered
Your Score History
You have not taken this quiz since the last reset